| 000 | 00942cab a2200313 4500 | ||
|---|---|---|---|
| 001 | WB3004-72 | ||
| 008 | 090401t1994 xxu||||| |||| 00| 0 eng d | ||
| 035 | _a(Sirsi) u58716 | ||
| 041 | _aeng | ||
| 245 | _aPublic money lost on land deals | ||
| 260 | _c1994 | ||
| 350 | _a0 | ||
| 490 |
_aIndependent _v24 January 1994, 2(1) |
||
| 520 | _a£82m has been lost in land deals by eight urban development corporations since they were set up; a loss which the Labour party feels warrants investigation by the National Audit Office. | ||
| 650 | _aBLACK COUNTRY UDC | ||
| 650 | _aCENTRAL MANCHESTER UDC | ||
| 650 | _aFUNDING | ||
| 650 | _aLAND PRICES | ||
| 650 | _aLAND SALES | ||
| 650 | _aLEEDS UDC | ||
| 650 | _aSHEFFIELD UDC | ||
| 650 | _aTRAFFORD PARK UDC | ||
| 650 | _aUDCS | ||
| 650 | _aURBAN DEVELOPMENT CORPORATIONS | ||
| 650 | _aURBAN REGENERATION | ||
| 690 | _aURBAN RENEWAL | ||
| 942 | _n0 | ||
| 948 | _c04/03/1997 | ||
| 999 |
_c35902 _d35902 |
||